000 00875nam a2200241Ia 4500
003 OSt
005 20220926003337.0
006 a|||||r|||| 00| 0
007 ta
008 220923b |||||||| |||| 00| 0 eng d
020 _a9780198096603
_c760.75
037 _bG-4558, 20/03/2014, Manohar Publishers & Distributors
_cGeneral Book
040 _aRTL
_cRTL
_beng
041 _2eng
_aeng
082 _aY9(L:5).25.N20<-M40, Q3
100 _aSEHRAWAT Samiksha
_9307192
245 0 _aColonial medical care in north India
_b Gender, state, and society c. 1840-1920
260 _a New Delhi
_bOxford University Press
_c2013
300 _aliv, 292p.
_ccm.
500 _aBibliography Chapterwise
942 _hY9(L:5).25.N20<-M40, Q3
_cGB
_2CC
999 _c607584
_d607584